00784nam a22001817a 4500003000900000008004100009040007100050082002400121100002000145245003200165260004300197300002600240505022600266650002500492650002100517650002900538650003500567AR-CdUCM190404b ||||| |||| 00| 0 spa d aMUNICIPALIDAD PROVINCIAL DEL CUSCOcBIBLIOTECA MUNICIPAL DEL CUSCO a327.09 /bP79 /1943 aPotemkin, V. P. aHistoria de la diplomacia / aBuenos Aires : bEdit. Lautaro,c1943. a348 paginas ;c23 cm. aContenido : v.1 : Diplomacia en la antigüedad -- La diplomacia en la Grecia antigua -- La diplomacia de la Roma antigua -- La diplomacia en la edad media -- La diplomacia durante el periodo del desmembramiento feudal... aDiplomacia en eurpoa aHistoria europea aÓrganos diplomáticos aDiplomacia en tiempos modernos